[Event "18th Asia-ch (w)"]
[Site "Sharjah UAE"]
[Date "2014.04.19"]
[Round "3.2"]
[White "Mongontuul, Batchujagijn"]
[Black "Hoang Thi Bao Tram"]
[Result "1/2-1/2"]
[WhiteElo "2432"]
[BlackElo "2280"]
[EventDate "2014.04.17"]
[PlyCount "110"]

1.e4 c6 2.Nc3 d5 3.Nf3 Bg4 4.h3 Bxf3 5.Qxf3 e6 6.d4 Nd7 7.Bd3 dxe4 8.Nxe4 
Ngf6 9.c3 Nxe4 10.Qxe4 Nf6 11.Qe2 Bd6 12.O-O Bc7 13.Re1 h6 14.Qf3 Qd6 15.
g3 Qd5 16.Qxd5 Nxd5 17.Bd2 O-O 18.Rad1 Rad8 19.c4 Nf6 20.Bc3 Rd7 21.Rd2 
Rfd8 22.Red1 Bb6 23.Kg2 Kf8 24.Bc2 Bc7 25.f4 b5 26.b3 a5 27.Kf3 b4 28.Bb2 
Bb6 29.g4 Ba7 30.g5 Ng8 31.h4 Ne7 32.gxh6 gxh6 33.h5 Rd6 34.Kg4 f6 35.Re2 
Bxd4 36.Bxd4 Rxd4 37.Rxd4 Rxd4 38.Rxe6 Rd2 39.Bg6 f5+ 40.Kf3 Rxa2 41.Bxf5 
Nxf5 42.Rf6+ Kg7 43.Rxf5 a4 44.bxa4 b3 45.Re5 b2 46.Re7+ Kf6 47.Rb7 Rxa4 
48.Rxb2 Rxc4 49.Re2 Rc1 50.Re8 Rf1+ 51.Kg3 Rg1+ 52.Kf2 Rh1 53.Rc8 Kf5 54.
Rxc6 Kxf4 55.Rxh6 Kg5 1/2-1/2

[Event "18th Asia-ch (w)"]
[Site "Sharjah UAE"]
[Date "2014.04.19"]
[Round "3.3"]
[White "Nguyen Thi Thanh An"]
[Black "Tania, Sachdev"]
[Result "1-0"]
[WhiteElo "2237"]
[BlackElo "2427"]
[EventDate "2014.04.17"]
[PlyCount "101"]

1.d4 Nf6 2.c4 e6 3.Nf3 b6 4.a3 Bb7 5.Nc3 d5 6.cxd5 Nxd5 7.Qc2 Nd7 8.e4 
Nxc3 9.bxc3 c5 10.Bd3 Qc7 11.Qd2 g6 12.O-O Bg7 13.Bb2 O-O 14.Rad1 c4 15.
Bc2 b5 16.Qg5 a5 17.Bc1 e5 18.Qg3 Rfe8 19.Ng5 h6 20.Nh3 Nf6 21.d5 Bc8 22.
Kh1 Bd7 23.Ng1 Qd6 24.Bb2 Nh5 25.Qf3 Rf8 26.Ne2 Nf6 27.h3 Ne8 28.Qe3 g5 
29.Ng3 Nc7 30.Qd2 Rfc8 31.Rb1 Na6 32.Bd1 Nc5 33.Bg4 Bxg4 34.hxg4 Qd7 35.f3
Bf8 36.Nf5 Ra6 37.Kh2 Nd3 38.Rh1 b4 39.Kg3 bxa3 40.Bxa3 Bxa3 41.Rxh6 Qxf5 
42.exf5 Rxh6 43.Qxg5+ Kh7 44.Rb7 Rf8 45.f6 Rg6 46.Rxf7+ Rxf7 47.Qh5+ Kg8 
48.Qxg6+ Kf8 49.Qf5 Rc7 50.g5 Bc1 51.d6 1-0

[Event "18th Asia-ch (w)"]
[Site "Sharjah UAE"]
[Date "2014.04.19"]
[Round "3.4"]
[White "Kharisma Sukandar, Irine"]
[Black "Gomes, Mary Ann"]
[Result "1-0"]
[WhiteElo "2319"]
[BlackElo "2386"]
[EventDate "2014.04.17"]
[PlyCount "125"]

1.e4 e6 2.d4 d5 3.Nc3 Nf6 4.Bg5 dxe4 5.Nxe4 Be7 6.Bxf6 gxf6 7.Nf3 f5 8.Nc3
a6 9.Qe2 b5 10.O-O-O b4 11.Na4 Qd5 12.b3 Bd7 13.Nb2 Bb5 14.Qe5 Qxe5 15.
Nxe5 Bxf1 16.Rhxf1 Nd7 17.Nxd7 Kxd7 18.Nc4 Bd6 19.Rd3 Rhg8 20.g3 Rad8 21.
d5 e5 22.Rf3 Rg5 23.Ne3 f4 24.Nc4 Rh5 25.Nxd6 Kxd6 26.gxf4 e4 27.Re3 Rxd5 
28.Rxe4 c5 29.Rg1 h6 30.Rg7 Rd7 31.Rg3 Kc6 32.Rh3 R7d6 33.Kb2 Rf5 34.a3 a5
35.Re5 Rxe5 36.fxe5 Re6 37.f4 Kd5 38.Re3 f6 39.exf6 Rxf6 40.Re5+ Kd4 41.
Rh5 bxa3+ 42.Kxa3 Rxf4 43.Rxh6 Kc3 44.Rh5 Kxc2 45.Rxc5+ Kd3 46.Rd5+ Kc3 
47.Rxa5 Rh4 48.Rc5+ Kd3 49.b4 Rxh2 50.b5 Kd4 51.Rc1 Kd5 52.Kb4 Kd6 53.Ka5 
Ra2+ 54.Kb6 Rb2 55.Rd1+ Ke6 56.Kc6 Rc2+ 57.Kb7 Rb2 58.b6 Rb3 59.Kc7 Rc3+ 
60.Kb8 Rb3 61.b7 Rb2 62.Ra1 Kd7 63.Ka7 1-0

[Event "18th Asia-ch (w)"]
[Site "Sharjah UAE"]
[Date "2014.04.19"]
[Round "3.5"]
[White "Pourkashiyan, Atousa"]
[Black "Swathi, Ghate"]
[Result "1-0"]
[WhiteElo "2335"]
[BlackElo "2269"]
[EventDate "2014.04.17"]
[PlyCount "53"]

1.e4 c5 2.Nf3 Nc6 3.d4 cxd4 4.Nxd4 Qb6 5.Nb3 Nf6 6.Nc3 e6 7.Bd3 a6 8.O-O 
d6 9.Kh1 Qc7 10.f4 Be7 11.Qe2 b5 12.Bd2 O-O 13.Rae1 b4 14.Nd1 Bb7 15.Nf2 
e5 16.f5 a5 17.Bg5 a4 18.Bxf6 Bxf6 19.Nd2 Nd4 20.Qh5 Rfc8 21.Ng4 Qd8 22.
Re3 Bg5 23.Rh3 h6 24.f6 Qf8 25.fxg7 Qxg7 26.Nxh6+ Bxh6 27.Rg3 1-0

[Event "18th Asia-ch (w)"]
[Site "Sharjah UAE"]
[Date "2014.04.19"]
[Round "3.6"]
[White "Gong Qianyun"]
[Black "Hoang Thi Nhu Y"]
[Result "1-0"]
[WhiteElo "2327"]
[BlackElo "2207"]
[EventDate "2014.04.17"]
[PlyCount "53"]

1.e4 c6 2.d4 d5 3.e5 c5 4.dxc5 e6 5.a3 Qc7 6.Nf3 Bxc5 7.b4 Bb6 8.Bb2 Ne7 
9.Bd3 Ng6 10.O-O O-O 11.Re1 a5 12.Nc3 Bd7 13.b5 a4 14.Ne2 Rc8 15.h4 Qd8 
16.h5 Nh4 17.Ned4 Nxf3+ 18.Qxf3 h6 19.Rad1 Qe8 20.c4 dxc4 21.Bc2 Rc7 22.
Qe4 g6 23.Re3 Bxd4 24.Bxd4 Bxb5 25.Rg3 Bc6 26.Qf4 Qf8 27.Bc5 1-0

[Event "18th Asia-ch (w)"]
[Site "Sharjah UAE"]
[Date "2014.04.19"]
[Round "3.7"]
[White "Tokhiryanova, Khulkar"]
[Black "Ni Shiqun"]
[Result "0-1"]
[WhiteElo "2126"]
[BlackElo "2325"]
[EventDate "2014.04.17"]
[PlyCount "88"]

1.e4 e5 2.d4 exd4 3.Nf3 Bb4+ 4.Bd2 Bxd2+ 5.Qxd2 c5 6.c3 Nf6 7.e5 Ne4 8.Qf4
d5 9.exd6 O-O 10.cxd4 cxd4 11.Be2 Re8 12.Nxd4 Qb6 13.Nb3 Bg4 14.Qxg4 Qxf2+
15.Kd1 Qf6 16.Rf1 Qxf1+ 17.Bxf1 Nf2+ 18.Kd2 Nxg4 19.Nc5 b6 20.Nb7 a6 21.g3
Nd7 22.Nc3 Nc5 23.Nxc5 bxc5 24.Re1 Red8 25.Ne4 Nf6 26.Nxc5 Rxd6+ 27.Kc2 a5
28.Ne4 Rc8+ 29.Nc3 g6 30.Bg2 Nd5 31.a3 Nxc3 32.bxc3 Re6 33.Rd1 Re2+ 34.Rd2
Rxd2+ 35.Kxd2 Kf8 36.Bd5 Ke7 37.Kd3 f6 38.Kd4 Kd6 39.h4 Rb8 40.c4 Rb1 41.
c5+ Kc7 42.Kc4 Ra1 43.g4 Rxa3 44.g5 f5 0-1

[Event "18th Asia-ch (w)"]
[Site "Sharjah UAE"]
[Date "2014.04.19"]
[Round "3.8"]
[White "Xu Huahua"]
[Black "Tan Zhongyi"]
[Result "0-1"]
[WhiteElo "2110"]
[BlackElo "2488"]
[EventDate "2014.04.17"]
[PlyCount "66"]

1.e4 g6 2.d4 Bg7 3.Nc3 d6 4.Be3 a6 5.Nf3 b5 6.a4 b4 7.Nd5 Bb7 8.Nxb4 Bxe4 
9.Bd3 Bb7 10.c3 Nf6 11.h3 O-O 12.O-O Nbd7 13.Re1 c5 14.Nc2 Qc7 15.b4 e5 
16.Be2 Nd5 17.Bd2 cxd4 18.cxd4 e4 19.Ng5 Rae8 20.h4 f5 21.Ne3 f4 22.Nxd5 
Bxd5 23.Rc1 Qa7 24.Bc3 f3 25.gxf3 e3 26.fxe3 Rxe3 27.Qd2 Rxc3 28.Rxc3 
Qxd4+ 29.Qxd4 Bxd4+ 30.Kg2 Bxc3 31.Rd1 Nf6 32.b5 axb5 33.axb5 Kh8 0-1

[Event "18th Asia-ch (w)"]
[Site "Sharjah UAE"]
[Date "2014.04.19"]
[Round "3.9"]
[White "Fuad Kamel Jamaliah, Natalie"]
[Black "Soumya, Swaminathan"]
[Result "0-1"]
[WhiteElo "2015"]
[BlackElo "2336"]
[EventDate "2014.04.17"]
[PlyCount "82"]

1.e4 c5 2.Nf3 Nc6 3.d4 cxd4 4.Nxd4 Qb6 5.Nxc6 bxc6 6.c3 e5 7.Qb3 Nf6 8.
Qxb6 axb6 9.f3 b5 10.Be3 d5 11.exd5 Nxd5 12.Bd2 Be6 13.b4 Nb6 14.a3 Bf5 
15.Bc1 Nd5 16.Nd2 Nxc3 17.Bb2 Nd5 18.Bxe5 Kd7 19.Bd4 Bd6 20.g3 Ra4 21.Ne4 
Rha8 22.Nxd6 Kxd6 23.Bxg7 Rxa3 24.Rxa3 Rxa3 25.f4 Ra2 26.Be2 Kd7 27.Bf3 
Ne3 28.h3 Nc2+ 29.Kd1 Nxb4 30.g4 Bd3 31.Bc3 Na6 32.Re1 b4 33.Bf6 b3 34.
Re7+ Kd6 35.Rb7 Kc5 36.Kc1 Rc2+ 37.Kd1 Rf2 38.Be7+ Kd4 39.Bxc6 Ke3 40.Bc5+
Nxc5 41.Re7+ Ne4 0-1

[Event "18th Asia-ch (w)"]
[Site "Sharjah UAE"]
[Date "2014.04.19"]
[Round "3.10"]
[White "Bayar Anu"]
[Black "Nguyen Thi Mai Hung"]
[Result "0-1"]
[WhiteElo "2002"]
[BlackElo "2312"]
[EventDate "2014.04.17"]
[PlyCount "126"]

1.d4 d5 2.c4 c6 3.e3 Nf6 4.Bd3 a6 5.Nc3 dxc4 6.Bxc4 e6 7.Nf3 b5 8.Bd3 c5 
9.dxc5 Bxc5 10.e4 Bb7 11.Qe2 Nbd7 12.Bf4 h6 13.O-O Qe7 14.Kh1 O-O 15.h3 e5
16.Bd2 Rfd8 17.Rad1 Nf8 18.Nh4 Rd7 19.a3 Ne6 20.Nf5 Qd8 21.Be3 Nd4 22.Bxd4
Bxd4 23.Nxd4 Rxd4 24.Qe3 Qd7 25.Ne2 Rd6 26.Ng3 Rd8 27.Bc2 Rxd1 28.Rxd1 Qc7
29.Rxd8+ Qxd8 30.Qd3 Qc7 31.Kg1 g6 32.Qd2 Kg7 33.Bd3 Qd6 34.Qc3 Nd7 35.b4 
Nb8 36.Ne2 Nc6 37.Kf1 Nd4 38.Nxd4 exd4 39.Qb2 g5 40.Kg1 Qe5 41.Qc2 Qd6 42.
Qb2 Bc8 43.Qe2 Qc6 44.Qc2 Qxc2 45.Bxc2 Kf6 46.Kf1 Ke5 47.Ke2 Be6 48.Bd3 h5
49.Kd2 h4 50.Ke2 Bc8 51.f3 Kf4 52.Kf2 Be6 53.Bc2 Bc4 54.a4 Ke5 55.Bd1 bxa4
56.Bxa4 Kf4 57.Bc6 d3 58.Ba4 Ba2 59.b5 axb5 60.Bxb5 Bb1 61.Bc4 f6 62.Ke1 
Ke3 63.e5 fxe5 0-1

[Event "18th Asia-ch (w)"]
[Site "Sharjah UAE"]
[Date "2014.04.19"]
[Round "3.11"]
[White "Karavade, Eesha"]
[Black "Shyngys Kyzy, Aijarkyn"]
[Result "1-0"]
[WhiteElo "2414"]
[BlackElo "1768"]
[EventDate "2014.04.17"]
[PlyCount "80"]

1.Nf3 d5 2.g3 c6 3.c4 e6 4.Bg2 Nf6 5.b3 Nbd7 6.O-O Bd6 7.Bb2 O-O 8.Qc2 Qe7
9.d4 Ne4 10.Nbd2 f5 11.Ne5 Bb4 12.Ndf3 b6 13.Nxc6 Qd6 14.Nxb4 Qxb4 15.cxd5
exd5 16.Qc6 Rb8 17.Qxd5+ Kh8 18.Rac1 Ndf6 19.Qc4 Qa5 20.b4 Qa4 21.b5 Qa5 
22.Ne5 Nd2 23.Qc7 Be6 24.Bc3 Qxa2 25.Ra1 Nxf1 26.Rxa2 Bxa2 27.Qxa7 Bd5 28.
Bxf1 Rfc8 29.Nc6 Ra8 30.Qxb6 Ne4 31.Bb4 Bxc6 32.bxc6 Rcb8 33.Qc7 Rxb4 34.
Qd7 Nf6 35.Qd6 Rbb8 36.Bh3 Rd8 37.Qe6 Rxd4 38.Bxf5 Rdd8 39.c7 Rdc8 40.Qc6 
Rf8 1-0

[Event "18th Asia-ch (w)"]
[Site "Sharjah UAE"]
[Date "2014.04.19"]
[Round "3.12"]
[White "Gu Tianlu"]
[Black "Pham Le Thao Nguyen"]
[Result "0-1"]
[WhiteElo "2162"]
[BlackElo "2332"]
[EventDate "2014.04.17"]
[PlyCount "86"]

1.e4 e6 2.d4 d5 3.Nd2 c5 4.exd5 Qxd5 5.Ngf3 cxd4 6.Bc4 Qd8 7.O-O Nc6 8.Nb3
a6 9.Re1 Bb4 10.Bd2 Be7 11.Bf4 Bf6 12.Ne5 Nge7 13.Qf3 O-O 14.Rad1 Bxe5 15.
Bxe5 Nxe5 16.Rxe5 Ng6 17.Rc5 e5 18.c3 Qh4 19.Qg3 Qh5 20.Re1 dxc3 21.bxc3 
Bf5 22.Bd5 Rab8 23.Rc7 b6 24.Nd2 Rbd8 25.c4 Be6 26.Bf3 Qh6 27.Ne4 Rd4 28.
Ng5 Bxc4 29.a3 b5 30.Rc6 f6 31.Ne6 Qd2 32.Ra1 Qb2 33.Re1 Bxe6 34.Rxe6 Qxa3
35.R6xe5 Qa2 36.Re6 Qd2 37.Rf1 a5 38.Bh5 Nf4 39.Qb3 Nxe6 40.Qxe6+ Kh8 41.
h3 Qb4 42.Rc1 Qd6 43.Qe2 b4 0-1

[Event "18th Asia-ch (w)"]
[Site "Sharjah UAE"]
[Date "2014.04.19"]
[Round "3.13"]
[White "Dahdal, Lougain"]
[Black "Derakhshani, Dorsa"]
[Result "0-1"]
[WhiteElo "2003"]
[BlackElo "2154"]
[EventDate "2014.04.17"]
[PlyCount "84"]

1.d4 Nf6 2.c4 e6 3.g3 Bb4+ 4.Nd2 Bxd2+ 5.Bxd2 d6 6.Bg2 Qe7 7.e4 e5 8.d5 a5
9.Ne2 Nbd7 10.h3 Nc5 11.Qc2 Bd7 12.Be3 b6 13.g4 O-O 14.Ng3 Rfb8 15.O-O b5 
16.Bxc5 dxc5 17.cxb5 Bxb5 18.Rfc1 Nd7 19.Nf5 Qg5 20.Kh1 Rb6 21.Rg1 Rab8 
22.Rab1 Qf4 23.Bf1 Bxf1 24.Rgxf1 Qf3+ 25.Kh2 Nf6 26.Rfe1 Kh8 27.Re3 Qf4+ 
28.Kg2 h5 29.g5 Qxg5+ 30.Kh1 g6 31.Rg1 Qf4 32.Qxc5 Nxe4 33.Qe7 Qxf5 34.b3 
Rf6 35.Rge1 Nxf2+ 36.Kh2 e4 37.Qxc7 Rc8 38.Qg3 Rc2 39.R1e2 Rc1 40.Kg2 Nxh3
41.Qxh3 Qf1+ 42.Kg3 Rf3+ 0-1

[Event "18th Asia-ch (w)"]
[Site "Sharjah UAE"]
[Date "2014.04.19"]
[Round "3.14"]
[White "Khan, Nazrana"]
[Black "Assaubaeva, Bibissara"]
[Result "1-0"]
[WhiteElo "2027"]
[BlackElo "1891"]
[EventDate "2014.04.17"]
[PlyCount "34"]

1.d4 Nf6 2.c4 g6 3.Nc3 Bg7 4.e4 d6 5.Nf3 O-O 6.Be2 e5 7.O-O Nc6 8.d5 Ne7 
9.Ne1 Ne8 10.Nd3 f5 11.f3 f4 12.Bd2 g5 13.c5 Ng6 14.cxd6 cxd6 15.Be1 h5 
16.h3 Nf6 17.Nf2 Rf7 1-0

[Event "18th Asia-ch (w)"]
[Site "Sharjah UAE"]
[Date "2014.04.20"]
[Round "4.1"]
[White "Ni Shiqun"]
[Black "Abdumalik, Zhansaya"]
[Result "1-0"]
[WhiteElo "2325"]
[BlackElo "2379"]
[EventDate "2014.04.17"]
[PlyCount "85"]

1.e4 c5 2.Nf3 e6 3.d4 cxd4 4.Nxd4 a6 5.Nc3 Qc7 6.Bd3 Nf6 7.f4 d6 8.O-O Be7
9.Nf3 Nbd7 10.Qe2 e5 11.Nd5 Nxd5 12.exd5 O-O 13.Kh1 g6 14.fxe5 dxe5 15.Bh6
Re8 16.d6 Qxd6 17.Bc4 Nb6 18.Rad1 Qc5 19.Bb3 Be6 20.Bxe6 fxe6 21.Nxe5 Bf8 
22.Ng4 Bxh6 23.Nxh6+ Kh8 24.Qf3 Qe7 25.Nf7+ Kg8 26.Qc3 e5 27.Nd6 Qe6 28.
Nxe8 Rxe8 29.Rfe1 Nc4 30.b3 Nd6 31.Qd3 Nf7 32.Qd7 b5 33.a4 Qxd7 34.Rxd7 
bxa4 35.bxa4 Rc8 36.Ra7 Rc6 37.Kg1 g5 38.Rb1 Rxc2 39.Rb8+ Kg7 40.Rbb7 Rc1+
41.Kf2 Rc2+ 42.Ke3 Rc3+ 43.Ke4 1-0

[Event "18th Asia-ch (w)"]
[Site "Sharjah UAE"]
[Date "2014.04.20"]
[Round "4.2"]
[White "Kharisma Sukandar, Irine"]
[Black "Pourkashiyan, Atousa"]
[Result "1-0"]
[WhiteElo "2319"]
[BlackElo "2335"]
[EventDate "2014.04.17"]
[PlyCount "121"]

1.e4 e5 2.Bc4 Nf6 3.d3 Nc6 4.Nf3 Bc5 5.c3 d6 6.Bb3 a6 7.h3 Ba7 8.Nbd2 O-O 
9.Nf1 Ne7 10.Bg5 Ng6 11.Nh4 Nf4 12.Qf3 Ne6 13.Bxf6 Qxf6 14.Qxf6 gxf6 15.
Ne3 Nf4 16.O-O-O Bxe3+ 17.fxe3 Ne2+ 18.Kd2 Ng3 19.Rhg1 Kg7 20.Ke1 Rg8 21.
Rd2 f5 22.Rf2 fxe4 23.Rxf7+ Kh8 24.Rxc7 Rg7 25.Rxg7 Kxg7 26.Kf2 Nf5 27.
Nxf5+ Bxf5 28.d4 Kf6 29.Bd5 h6 30.a3 a5 31.Ke2 Bg6 32.Rf1+ Ke7 33.a4 Rc8 
34.g4 b6 35.h4 Rh8 36.b3 Rb8 37.h5 Be8 38.c4 Rd8 39.Bxe4 Bd7 40.Bf5 Be8 
41.d5 Bf7 42.Kf3 Rf8 43.Kg3 Rg8 44.Kh4 Rg5 45.e4 Rg8 46.Rf3 Rg7 47.Rg3 Kf6
48.Rf3 Ke7 49.b4 axb4 50.Rb3 Kd8 51.Rxb4 Kc7 52.a5 bxa5 53.Rb5 a4 54.Ra5 
Be8 55.Ra7+ Kb8 56.Rxg7 a3 57.Bc8 a2 58.Rb7+ Ka8 59.Rb6 Bb5 60.cxb5 a1=Q 
61.Ra6+ 1-0

[Event "18th Asia-ch (w)"]
[Site "Sharjah UAE"]
[Date "2014.04.20"]
[Round "4.3"]
[White "Khademalsharieh, Sarasadat"]
[Black "Gong Qianyun"]
[Result "1/2-1/2"]
[WhiteElo "2292"]
[BlackElo "2327"]
[EventDate "2014.04.17"]
[PlyCount "71"]

1.d4 Nf6 2.Nf3 e6 3.c4 b6 4.g3 Bb7 5.Bg2 Be7 6.Nc3 Ne4 7.Bd2 O-O 8.d5 f5 
9.O-O Bf6 10.Rc1 Na6 11.a3 Nac5 12.b4 Bxc3 13.Bxc3 Nxc3 14.Rxc3 Ne4 15.Rc1
Qf6 16.Qb3 c5 17.Rfd1 exd5 18.cxd5 d6 19.Nd2 Rae8 20.bxc5 dxc5 21.Qd3 Nd6 
22.e3 Rd8 23.a4 Qf7 24.a5 Rd7 25.axb6 axb6 26.Qb3 Ne4 27.Qxb6 Rxd5 28.Nxe4
Rxd1+ 29.Rxd1 fxe4 30.Qxc5 Qxf2+ 31.Kh1 Ba6 32.Qd5+ Kh8 33.Qxe4 Be2 34.Ra1
h6 35.g4 Qh4 36.g5 1/2-1/2

[Event "18th Asia-ch (w)"]
[Site "Sharjah UAE"]
[Date "2014.04.20"]
[Round "4.4"]
[White "Soumya, Swaminathan"]
[Black "Nguyen Thi Thanh An"]
[Result "1/2-1/2"]
[WhiteElo "2336"]
[BlackElo "2237"]
[EventDate "2014.04.17"]
[PlyCount "88"]

1.d4 Nf6 2.c4 g6 3.Nf3 Bg7 4.g3 O-O 5.Bg2 c5 6.O-O d6 7.Nc3 Nc6 8.h3 cxd4 
9.Nxd4 Nxd4 10.Qxd4 Be6 11.Qh4 Rc8 12.Nd5 Bxd5 13.cxd5 Qa5 14.e4 Rc2 15.a3
Rfc8 16.Rb1 Qb5 17.Re1 a6 18.Qg5 Qb3 19.Qe3 Qa2 20.Bd2 Rxb2 21.Ra1 Qb3 22.
Rac1 Rxc1 23.Rxc1 h6 24.Qxb3 Rxb3 25.Rc7 Bf8 26.Bb4 a5 27.Bxa5 Rxa3 28.Bb4
Ra1+ 29.Kh2 b5 30.e5 dxe5 31.Bxe7 Bxe7 32.Rxe7 e4 33.Bxe4 Nxe4 34.Rxe4 Rd1
35.Re8+ Kg7 36.Rd8 Kf6 37.d6 Rd5 38.Rb8 Ke6 39.Rb6 h5 40.h4 Rf5 41.Kg2 Kd7
42.f3 Rd5 43.g4 Ke6 44.Kg3 Rxd6 1/2-1/2

[Event "18th Asia-ch (w)"]
[Site "Sharjah UAE"]
[Date "2014.04.20"]
[Round "4.5"]
[White "Tan Zhongyi"]
[Black "Hoang Thi Bao Tram"]
[Result "0-1"]
[WhiteElo "2488"]
[BlackElo "2280"]
[EventDate "2014.04.17"]
[PlyCount "158"]

1.Nf3 d5 2.g3 c6 3.Bg2 Nf6 4.O-O Bg4 5.d3 Nbd7 6.Qe1 e6 7.e4 dxe4 8.dxe4 
Be7 9.b3 Nc5 10.Bb2 O-O 11.Nbd2 Bh5 12.h3 Nfd7 13.a4 Qc7 14.Nc4 Rad8 15.a5
Rfe8 16.Qe3 Bf8 17.Rad1 b5 18.axb6 axb6 19.e5 Nb7 20.Qc3 Nb8 21.g4 Bg6 22.
Nh4 b5 23.Nxg6 hxg6 24.Nd2 Nc5 25.Qe3 Nba6 26.Bd4 Nd7 27.Qe4 Nb4 28.c3 Nd5
29.c4 bxc4 30.bxc4 Nb4 31.Nf3 c5 32.Bc3 Nb6 33.h4 Rxd1 34.Rxd1 Rd8 35.Ra1 
Qd7 36.Bf1 Qc6 37.Qxc6 Nxc6 38.Ra6 Rb8 39.Kg2 Be7 40.Bd2 Rb7 41.Be3 Nb4 
42.Ra5 Rc7 43.Kg3 Nc2 44.Bd2 Nd4 45.Ra6 Nxf3 46.Kxf3 Nd7 47.Kg3 Rb7 48.Bf4
Rb3+ 49.f3 Bxh4+ 50.Kg2 g5 51.Bh2 Rb2+ 52.Kh1 Rf2 53.Ra8+ Nf8 54.Bg2 Rc2 
55.Bg1 Rxc4 56.Rc8 Rc1 57.Kh2 Bg3+ 58.Kxg3 Rxg1 59.Rxc5 Ng6 60.Kf2 Ra1 61.
Bf1 Nf4 62.Rb5 Ra2+ 63.Kg3 Rd2 64.Rc5 Rd5 65.Rxd5 exd5 66.Ba6 Kf8 67.Kf2 
d4 68.Bc8 Nd3+ 69.Kg3 Nxe5 70.Bf5 d3 71.Kf2 Ke7 72.Ke3 Kd6 73.Bc8 Kc5 74.
Ba6 f6 75.Ke4 g6 76.Ke3 Kd5 77.Bb5 Kd6 78.Ba6 Kc5 79.Ke4 d2 0-1

[Event "18th Asia-ch (w)"]
[Site "Sharjah UAE"]
[Date "2014.04.20"]
[Round "4.6"]
[White "Nguyen Thi Mai Hung"]
[Black "Mongontuul, Batchujagijn"]
[Result "1/2-1/2"]
[WhiteElo "2312"]
[BlackElo "2432"]
[EventDate "2014.04.17"]
[PlyCount "123"]

1.d4 g6 2.e4 Bg7 3.Nc3 c5 4.dxc5 Bxc3+ 5.bxc3 Nc6 6.Be3 Qa5 7.Qd2 Nf6 8.f3
O-O 9.Ne2 b6 10.Nd4 bxc5 11.Nxc6 dxc6 12.c4 Qa3 13.Bd3 Ba6 14.O-O Nd7 15.
Rfb1 Rfb8 16.Rb3 Qa4 17.Qc3 Rb6 18.Bf1 Bc8 19.Bf4 Qa6 20.Bc7 Rxb3 21.axb3 
Qb7 22.Bf4 Nf8 23.Be3 Ne6 24.Qa5 h5 25.Bxc5 Nxc5 26.Qxc5 Be6 27.f4 Qd7 28.
Bd3 Qd6 29.Qxd6 exd6 30.Ra6 Bd7 31.b4 Be8 32.b5 Rb8 33.bxc6 Rc8 34.Rxa7 
Rxc6 35.Kf2 f6 36.Ke3 Bf7 37.Kd4 h4 38.g3 hxg3 39.hxg3 Rb6 40.c5 Rb4+ 41.
c4 dxc5+ 42.Kxc5 Rb2 43.Kd4 Rd2 44.c5 Be8 45.Rb7 Kf8 46.Ke3 Rg2 47.Kf3 Rd2
48.Bb5 Bxb5 49.Rxb5 Rd3+ 50.Kg4 Rd4 51.Rb8+ Ke7 52.Rb7+ Ke6 53.Rb6+ Ke7 
54.Kf3 Rd3+ 55.Kf2 Rc3 56.Rc6 Rc2+ 57.Kf3 Rc3+ 58.Kg4 Rc4 59.Kf3 Rc3+ 60.
Kf2 Rc2+ 61.Ke3 Rc3+ 62.Kf2 1/2-1/2

[Event "18th Asia-ch (w)"]
[Site "Sharjah UAE"]
[Date "2014.04.20"]
[Round "4.7"]
[White "Tania, Sachdev"]
[Black "Tokhiryanova, Khulkar"]
[Result "1-0"]
[WhiteElo "2427"]
[BlackElo "2126"]
[EventDate "2014.04.17"]
[PlyCount "111"]

1.d4 f5 2.Nf3 Nf6 3.g3 g6 4.c4 Bg7 5.b4 O-O 6.Bb2 d6 7.Bg2 c6 8.a4 Qc7 9.
O-O Ne4 10.Nbd2 Nxd2 11.Qxd2 Nd7 12.d5 Nf6 13.Nd4 e5 14.dxe6 Qe7 15.Rfd1 
Bxe6 16.Nxe6 Qxe6 17.b5 Ne4 18.Bxe4 Qxe4 19.Bxg7 Kxg7 20.Qxd6 Qxc4 21.Qe5+
Kg8 22.Rac1 Qa2 23.Rd7 Rf7 24.bxc6 bxc6 25.Rxf7 Qxf7 26.Rxc6 Re8 27.Qb5 
Rd8 28.a5 Rd5 29.Qb8+ Kg7 30.Qb2+ Kh6 31.Qc1+ f4 32.a6 Rd4 33.e3 Rd3 34.e4
Kh5 35.Rc7 Rd7 36.Rxd7 Qxd7 37.Qxf4 g5 38.Qf3+ Kh6 39.Qf6+ Kh5 40.Kg2 h6 
41.Qf3+ Kg6 42.Qf5+ Qxf5 43.exf5+ Kxf5 44.f3 Ke5 45.Kf2 Kd4 46.Ke2 h5 47.
h3 Kd5 48.Ke3 Ke5 49.f4+ gxf4+ 50.gxf4+ Kf5 51.Kf3 Kf6 52.Ke4 Ke6 53.f5+ 
Kf6 54.Kf4 h4 55.Kg4 Ke5 56.Kg5 1-0

[Event "18th Asia-ch (w)"]
[Site "Sharjah UAE"]
[Date "2014.04.20"]
[Round "4.8"]
[White "Pham Le Thao Nguyen"]
[Black "Karavade, Eesha"]
[Result "1/2-1/2"]
[WhiteElo "2332"]
[BlackElo "2414"]
[EventDate "2014.04.17"]
[PlyCount "46"]

1.d4 Nf6 2.Nf3 d5 3.c4 e6 4.cxd5 exd5 5.Nc3 Bb4 6.Qa4+ Nc6 7.Bg5 h6 8.Bxf6
Qxf6 9.e3 O-O 10.Be2 Be6 11.O-O a6 12.Rfc1 Bd6 13.Qb3 Ne7 14.Qd1 Rfd8 15.
Na4 b6 16.a3 g5 17.Nd2 Ng6 18.Nf1 Qg7 19.Nc3 f5 20.Rc2 g4 21.Bd3 Qf6 22.
Ne2 c5 23.b3 Qf7 1/2-1/2

[Event "18th Asia-ch (w)"]
[Site "Sharjah UAE"]
[Date "2014.04.20"]
[Round "4.9"]
[White "Gomes, Mary Ann"]
[Black "Hoang Thi Nhu Y"]
[Result "0-1"]
[WhiteElo "2386"]
[BlackElo "2207"]
[EventDate "2014.04.17"]
[PlyCount "68"]

1.Nf3 d5 2.g3 Bg4 3.Bg2 c6 4.d3 Nf6 5.Nbd2 Nbd7 6.O-O e6 7.b3 Bd6 8.Bb2 
O-O 9.e4 Ne5 10.Qe1 Nxf3+ 11.Bxf3 Bxf3 12.Nxf3 Nd7 13.e5 Bc7 14.Kg2 c5 15.
d4 cxd4 16.Bxd4 Bb6 17.Qe3 Rc8 18.Rac1 Bxd4 19.Nxd4 Qc7 20.f4 a6 21.Rf3 b5
22.Re1 Rfe8 23.Re2 b4 24.Qd2 Qb8 25.f5 Nxe5 26.Rf4 exf5 27.Nxf5 Ng6 28.
Rxe8+ Rxe8 29.Rxb4 Qe5 30.Qd3 Qe1 31.Qd4 Re2+ 32.Kh3 Qf1+ 33.Kg4 Re4+ 34.
Qxe4 h5+ 0-1

[Event "18th Asia-ch (w)"]
[Site "Sharjah UAE"]
[Date "2014.04.20"]
[Round "4.10"]
[White "Derakhshani, Dorsa"]
[Black "Swathi, Ghate"]
[Result "1/2-1/2"]
[WhiteElo "2154"]
[BlackElo "2269"]
[EventDate "2014.04.17"]
[PlyCount "134"]

1.e4 c5 2.Nf3 e6 3.d4 cxd4 4.Nxd4 Nc6 5.Nc3 Qc7 6.Be2 a6 7.O-O Nf6 8.Be3 
Be7 9.f4 d6 10.a4 O-O 11.Bf3 Nxd4 12.Qxd4 e5 13.Qd2 exf4 14.Bxf4 Be6 15.
Kh1 Nd7 16.Nd5 Bxd5 17.exd5 Bf6 18.Rab1 Be5 19.Be3 f5 20.a5 Rac8 21.Rfc1 
Qc4 22.Qf2 Nf6 23.b3 Qb4 24.c4 Qxa5 25.b4 Qd8 26.Bb6 Qe7 27.Qa2 Ng4 28.g3 
Qg5 29.c5 f4 30.h3 Ne3 31.g4 Bd4 32.Rb3 Qh4 33.Qh2 Qg3 34.Be4 Rce8 35.Bg2 
Qf2 36.Bf1 Qf3+ 37.Bg2 Qf2 38.Bf1 Qf3+ 39.Bg2 Qxg2+ 40.Qxg2 Nxg2 41.Kxg2 
Re2+ 42.Kh1 Rd2 43.Bc7 Be5 44.cxd6 Rxd5 45.d7 Bxc7 46.Rxc7 Rd8 47.Rxb7 
R8xd7 48.Rxd7 Rxd7 49.Kg2 g5 50.Ra3 Rd2+ 51.Kf3 Rd6 52.Ra5 h6 53.h4 Rd3+ 
54.Ke4 Rb3 55.hxg5 Rxb4+ 56.Kf3 Rb5 57.Rxa6 hxg5 58.Ra7 Rb3+ 59.Ke4 Re3+ 
60.Kf5 f3 61.Ra1 f2 62.Rf1 Rf3+ 63.Kg6 Kf8 64.Kxg5 Kg7 65.Kh5 Kf6 66.g5+ 
Kf5 67.Kh6 Ke5 1/2-1/2

[Event "18th Asia-ch (w)"]
[Site "Sharjah UAE"]
[Date "2014.04.20"]
[Round "4.11"]
[White "Saleh, Nora Mohd"]
[Black "Xu Huahua"]
[Result "1-0"]
[WhiteElo "1901"]
[BlackElo "2110"]
[EventDate "2014.04.17"]
[PlyCount "75"]

1.d4 d5 2.Nf3 Nf6 3.e3 g6 4.c4 c6 5.Nc3 Bg7 6.Be2 O-O 7.O-O a6 8.a3 dxc4 
9.Bxc4 Bg4 10.h3 Bxf3 11.Qxf3 Nbd7 12.Rd1 Qc7 13.Bd2 e5 14.Rac1 Nb6 15.Ba2
Rfe8 16.b4 Rad8 17.b5 e4 18.Qe2 axb5 19.Nxb5 Qd7 20.Ba5 cxb5 21.Bxb6 Rc8 
22.Rb1 Bf8 23.Qb2 Nd5 24.Bxd5 Qxd5 25.Ba5 Ra8 26.Bb4 Bxb4 27.Qxb4 Rec8 28.
Qxb5 Qxb5 29.Rxb5 Rxa3 30.Rxb7 Kf8 31.Rdb1 Rc2 32.Rb8+ Ke7 33.R1b7+ Ke6 
34.Re8+ Kf6 35.Rf8 Kg5 36.Rfxf7 h5 37.Rb1 Raa2 38.Rf4 1-0

[Event "18th Asia-ch (w)"]
[Site "Sharjah UAE"]
[Date "2014.04.20"]
[Round "4.12"]
[White "Al-Najjar, Huda"]
[Black "Khan, Nazrana"]
[Result "1/2-1/2"]
[WhiteElo "1845"]
[BlackElo "2027"]
[EventDate "2014.04.17"]
[PlyCount "157"]

1.e4 c5 2.Nf3 e6 3.c3 d5 4.exd5 Qxd5 5.Na3 Qd8 6.d4 cxd4 7.cxd4 Nf6 8.Bd3 
Be7 9.O-O O-O 10.Nc2 Nbd7 11.Ne5 Nb6 12.Bg5 Nbd5 13.a3 Bd7 14.Qf3 Rc8 15.
Rac1 Bc6 16.Nxc6 Rxc6 17.Ne3 Rxc1 18.Rxc1 Qb6 19.Nc4 Qxd4 20.b4 Qg4 21.
Qxg4 Nxg4 22.Bxe7 Nxe7 23.h3 Nf6 24.Na5 Rd8 25.Bb5 b6 26.Nc6 Nxc6 27.Bxc6 
Kf8 28.b5 Ke7 29.Bf3 Nd5 30.Rc4 Rd7 31.Ra4 Rc7 32.Rd4 Kd6 33.Rd2 Rc1+ 34.
Kh2 Rc3 35.Ra2 Kc5 36.a4 Kb4 37.Bd1 Rc1 38.Bf3 Kb3 39.Rd2 Kxa4 40.Bxd5 
exd5 41.Rxd5 Rc7 42.g4 Ka5 43.Kg3 a6 44.bxa6+ Kxa6 45.h4 h6 46.h5 b5 47.f4
f6 48.g5 fxg5 49.fxg5 hxg5 50.Rxg5 Ka5 51.Kf3 Re7 52.Rg1 b4 53.Ra1+ Kb5 
54.Rb1 Kc4 55.Rc1+ Kb3 56.Rc8 Kb2 57.Kf4 b3 58.Kg5 Kb1 59.Kg6 b2 60.Rg8 
Kc2 61.Rc8+ Kd3 62.Rb8 Kc3 63.Rc8+ Kb3 64.Rb8+ Ka2 65.Ra8+ Kb1 66.Rg8 Rc7 
67.Rxg7 Rxg7+ 68.Kxg7 Ka2 69.h6 b1=Q 70.h7 Qb2+ 71.Kg8 Qb3+ 72.Kg7 Qg3+ 
73.Kh8 Qe5+ 74.Kg8 Qe6+ 75.Kg7 Qe7+ 76.Kg8 Qg5+ 77.Kh8 Qh6 78.Kg8 Qg6+ 79.
Kh8 1/2-1/2